Library Banner

Kia hum musalman hein? (Record no. 101419)

MARC details
000 -LEADER
fixed length control field 00405nam a22001457a 4500
005 - DATE AND TIME OF LATEST TRANSACTION
control field 20180108112431.0
008 - FIXED-LENGTH DATA ELEMENTS--GENERAL INFORMATION
fixed length control field 180108b xxu||||| |||| 00| 0 eng d
040 ## - CATALOGING SOURCE
Transcribing agency PK-LaUMT
082 ## - DEWEY DECIMAL CLASSIFICATION NUMBER
Classification number PKAC 297
Item number SHA-K
100 ## - MAIN ENTRY--PERSONAL NAME
Personal name Shams Navid Usmani
245 ## - TITLE STATEMENT
Title Kia hum musalman hein?
Statement of responsibility, etc Shams Navid Usmani
260 ## - PUBLICATION, DISTRIBUTION, ETC. (IMPRINT)
Place of publication, distribution, etc لاہور؛
Name of publisher, distributor, etc ادارہ مطبوعات طلبہ،
Date of publication, distribution, etc [ ]
300 ## - PHYSICAL DESCRIPTION
Extent 184 ص
942 ## - ADDED ENTRY ELEMENTS (KOHA)
Koha item type Books
Holdings
Withdrawn status Lost status Damaged status Home library Current library Date acquired Full call number Barcode Date last seen Price effective from Koha item type
      UMT Main Campus UMT Main Campus 2018-01-08 PKAC 297 SHA-K 117237 2018-01-08 2018-01-08 Books